[Event "BLR-chT U18"]
[Site "Gomel"]
[Date "2024.03.01"]
[Round "1.1"]
[White "Kaniusheuski, Raman"]
[Black "Gvozdev, Timur"]
[Result "0-1"]
[WhiteElo "2000"]
[BlackElo "2000"]
[PlyCount "56"]
[EventDate "2024.03.01"]
[EventType "tourn"]
[EventRounds "7"]
[EventCountry "BLR"]
[SourceTitle "CB11_2024"]
[SourceDate "2024.03.13"]
[SourceVersion "1"]
[SourceVersionDate "2024.03.13"]
[SourceQuality "1"]

1. e4 c5 2. Nf3 e6 3. d4 cxd4 4. Nxd4 Nf6 5. Nc3 d6 6. Be2 Be7 7. 0-0 a6 8. f4 0-0 9. a4 Nc6 10. Nxc6 bxc6 11. a5 d5 12. Bd3 c5 13. e5 Nd7 14. Qh5 g6 15. Qf3 Bb7 16. Rd1 Qc7 17. b3 f6 18. Qg4 f5 19. Qe2 Kh8 20. Nb1 g5 21. Re1 gxf4 22. Bxf4 c4 23. bxc4 dxc4 24. Bxc4 Rg8 25. Bg3 f4 26. Bxe6 fxg3 27. h3 Qc5+ 28. Kh1 Qf2 0-1

[Event "BLR-ch 90th"]
[Site "Minsk"]
[Date "2024.01.18"]
[Round "9"]
[White "Gvozdev, Timur"]
[Black "Gorovets, Andrey"]
[Result "0-1"]
[WhiteElo "1906"]
[BlackElo "2493"]
[PlyCount "52"]
[EventDate "2024.01.10"]
[EventType "tourn"]
[EventRounds "9"]
[EventCountry "BLR"]
[EventCategory "2"]
[SourceTitle "CB04_2024"]
[SourceDate "2023.10.16"]
[SourceVersion "1"]
[SourceVersionDate "2023.10.16"]
[SourceQuality "1"]

1. e4 c5 2. Nf3 e6 3. d4 cxd4 4. Nxd4 Nc6 5. Nc3 Qc7 6. Be3 a6 7. Qf3 Nf6 8. 0-0-0 h5 9. h3 Ne5 10. Qg3 h4 11. Qh2 b5 12. a3 b4 13. axb4 Bxb4 14. Bd2 d6 15. f3 Bd7 16. g4 Bc5 17. Nce2 Nc4 18. Bc3 e5 19. Nb3 Be3+ 20. Kb1 a5 21. Nec1 Bf4 22. Qe2 Ne3 23. Re1 a4 24. Nd2 Rb8 25. Nc4 Nxf1 26. Rd1 Ng3 0-1

[Event "BLR-ch 90th"]
[Site "Minsk"]
[Date "2024.01.13"]
[Round "4"]
[White "Nikitenko, Mihail"]
[Black "Gvozdev, Timur"]
[Result "1-0"]
[WhiteElo "2533"]
[BlackElo "1906"]
[PlyCount "165"]
[EventDate "2024.01.10"]
[EventType "tourn"]
[EventRounds "9"]
[EventCountry "BLR"]
[EventCategory "2"]
[SourceTitle "CB04_2024"]
[SourceDate "2023.10.16"]
[SourceVersion "1"]
[SourceVersionDate "2023.10.16"]
[SourceQuality "1"]

1. e4 c5 2. Ne2 e6 3. Nbc3 d6 4. g3 Nc6 5. Bg2 Nf6 6. 0-0 Be7 7. d3 0-0 8. f4 Rb8 9. h3 Bd7 10. a4 a6 11. g4 b5 12. axb5 axb5 13. Ng3 Nd4 14. g5 Ne8 15. h4 Bc6 16. f5 d5 17. exd5 exd5 18. f6 gxf6 19. gxf6 Bxf6 20. Nh5 Be5 21. Bg5 f6 22. Bh6 Rf7 23. Qg4+ Kh8 24. Rae1 Rbb7 25. Nf4 Nxc2 26. Re2 Bd4+ 27. Kh1 Ne3 28. Ne6 Nxg4 29. Nxd8 Nxh6 30. Nxc6 Nd6 31. Nd8 Nhf5 32. Rf3 Nxh4 33. Rh3 Nxg2 34. Nxf7+ Nxf7 35. Kxg2 Ne5 36. Nxd5 Rg7+ 37. Rg3 Rxg3+ 38. Kxg3 Nxd3 39. Kg4 Be5 40. Kf5 Kg7 41. b3 Nc1 42. Re3 h5 43. Rh3 Ne2 44. Ne3 Nd4+ 45. Ke4 Kg6 46. Nf1 Ne6 47. Rh1 Bd4 48. Ng3 Ng7 49. Ne2 f5+ 50. Kd5 Be3 51. Ke5 Kf7 52. Rh3 Bg5 53. Kd5 Be7 54. Nc3 b4 55. Ne2 h4 56. Nf4 Kf6 57. Rxh4 Kg5 58. Ng2 Nh5 59. Rc4 f4 60. Ne1 Kg4 61. Ke6 Bf8 62. Nd3 Kg3 63. Kf5 Bd6 64. Re4 Kf3 65. Ne1+ Kf2 66. Kg5 Ng3 67. Re6 Bc7 68. Kg4 Kf1 69. Nd3 Ne2 70. Nxc5 f3 71. Ne4 Nd4 72. Re7 Bh2 73. Nd2+ Kf2 74. Re4 Nc2 75. Kh3 Bf4 76. Nc4 Be3 77. Kg4 Ba7 78. Re7 Bc5 79. Re5 Ba7 80. Ra5 Be3 81. Ra2 Kg1 82. Rxc2 f2 83. Nxe3 1-0

[Event "BLR-ch 90th"]
[Site "Minsk"]
[Date "2024.01.12"]
[Round "3"]
[White "Gvozdev, Timur"]
[Black "Lazavik, Denis"]
[Result "0-1"]
[WhiteElo "1906"]
[BlackElo "2566"]
[PlyCount "84"]
[EventDate "2024.01.10"]
[EventType "tourn"]
[EventRounds "9"]
[EventCountry "BLR"]
[EventCategory "2"]
[SourceTitle "CB04_2024"]
[SourceDate "2023.10.16"]
[SourceVersion "1"]
[SourceVersionDate "2023.10.16"]
[SourceQuality "1"]

1. e4 c5 2. Nf3 e6 3. d4 cxd4 4. Nxd4 Nc6 5. Nc3 Qc7 6. Be3 a6 7. Qf3 Ne5 8. Qg3 h5 9. f4 Ng4 10. Bd2 b5 11. h3 N4f6 12. e5 h4 13. Qf2 b4 14. exf6 bxc3 15. Bxc3 Nxf6 16. Bd3 Bc5 17. b4 Ba7 18. Bb2 Nd5 19. Be4 Bb7 20. a3 Rc8 21. Qf3 Bxd4 22. Bxd4 f5 23. Bxd5 Bxd5 24. Qf2 Qxc2 25. 0-0 Rh6 26. Qxc2 Rxc2 27. Rf2 Rxf2 28. Kxf2 Rg6 29. Rg1 Rg3 30. Be3 Bc6 31. Ke2 Kf7 32. Bf2 Rxa3 33. Bxh4 Ra2+ 34. Ke3 Bxg2 35. Be1 Bxh3 36. Bc3 Bg4 37. Be5 g5 38. Kd4 Re2 39. Rh1 gxf4 40. Rh7+ Kg6 41. Rg7+ Kh6 42. Bf6 f3 0-1

[Event "BLR-ch 90th"]
[Site "Minsk"]
[Date "2024.01.10"]
[Round "1"]
[White "Zarubitski, Viachaslau"]
[Black "Gvozdev, Timur"]
[Result "1-0"]
[WhiteElo "2421"]
[BlackElo "1906"]
[PlyCount "121"]
[EventDate "2024.01.10"]
[EventType "tourn"]
[EventRounds "9"]
[EventCountry "BLR"]
[EventCategory "2"]
[SourceTitle "CB04_2024"]
[SourceDate "2023.10.16"]
[SourceVersion "1"]
[SourceVersionDate "2023.10.16"]
[SourceQuality "1"]

1. Nf3 Nf6 2. c4 g6 3. Nc3 Bg7 4. g3 0-0 5. Bg2 c5 6. d4 cxd4 7. Nxd4 Nc6 8. 0-0 Qb6 9. Nc2 d6 10. b3 Bf5 11. e4 Bg4 12. Qd2 Ne5 13. Nd4 Bh6 14. Qxh6 Qxd4 15. Qe3 Qxe3 16. Bxe3 Bf3 17. Bxf3 Nxf3+ 18. Kg2 Ne5 19. f4 Nc6 20. Kf3 a6 21. Nd5 Nd7 22. Rfd1 f6 23. Rd2 Kf7 24. h4 h5 25. Rad1 Rac8 26. Nb6 Nxb6 27. Bxb6 Nb8 28. Rd5 Nd7 29. Be3 Rb8 30. a4 Rfc8 31. a5 Rc6 32. Ra1 e6 33. Rd2 Ke7 34. Rad1 Rd8 35. Rd4 f5 36. R4d2 Nf6 37. e5 Ne4 38. Rd3 Rcc8 39. Bb6 Rd7 40. Rd4 Rc6 41. R1d3 Rc8 42. Ke3 Rc6 43. b4 d5 44. cxd5 exd5 45. Rxd5 Rxd5 46. Rxd5 Rc3+ 47. Kd4 Rxg3 48. Bc5+ Ke6 49. Rd8 Rg4 50. Re8+ Kd7 51. Re7+ Kc6 52. Re6+ Kc7 53. Kd5 Nc3+ 54. Kc4 Nb5 55. Rf6 Rxf4+ 56. Kd5 Rxh4 57. Rf7+ Kc8 58. Bb6 Re4 59. e6 Nc3+ 60. Kd6 Nb5+ 61. Ke7 1-0

[Event "BLR-ch sf"]
[Site "Minsk"]
[Date "2023.12.12"]
[Round "6"]
[White "Gvozdev, Timur"]
[Black "Bulgak, Damir"]
[Result "1-0"]
[WhiteElo "1844"]
[BlackElo "1818"]
[PlyCount "59"]
[EventDate "2023.12.07"]
[EventType "swiss"]
[EventRounds "9"]
[EventCountry "BLR"]
[SourceTitle "CB51_2023"]
[SourceDate "2023.12.20"]
[SourceVersion "1"]
[SourceVersionDate "2023.12.20"]
[SourceQuality "1"]

1. e4 e5 2. Nf3 Nc6 3. Bb5 a6 4. Ba4 Nf6 5. 0-0 Be7 6. Re1 b5 7. Bb3 0-0 8. a4 b4 9. d3 Bc5 10. Bg5 d6 11. c3 Ba7 12. Nbd2 Be6 13. Nf1 Rb8 14. Bc2 h6 15. Bh4 g5 16. Bg3 Ne7 17. d4 exd4 18. cxd4 d5 19. exd5 Nfxd5 20. Ne3 Nxe3 21. fxe3 f5 22. Rc1 Nd5 23. Qd3 a5 24. Bb3 Bb6 25. e4 fxe4 26. Qxe4 Bf7 27. Ne5 Re8 28. Rf1 Qd7 29. Rxf7 Qxf7 30. Bxd5 1-0

[Event "Minsk op"]
[Site "Minsk"]
[Date "2023.11.08"]
[Round "6"]
[White "Gvozdev, Timur"]
[Black "Yemelyanau, Zakhar"]
[Result "1-0"]
[WhiteElo "1845"]
[BlackElo "1438"]
[PlyCount "115"]
[EventDate "2023.11.03"]
[EventType "swiss"]
[EventRounds "9"]
[EventCountry "BLR"]
[SourceTitle "CB46_2023"]
[SourceDate "2023.11.15"]
[SourceVersion "1"]
[SourceVersionDate "2023.11.15"]
[SourceQuality "1"]

1. Nf3 Nf6 2. g3 d5 3. Bg2 e6 4. 0-0 Bc5 5. d4 Bd6 6. c4 b6 7. Nc3 Bb7 8. Bg5 Nbd7 9. cxd5 exd5 10. Nb5 0-0 11. Nxd6 cxd6 12. Qb3 h6 13. Bxf6 Nxf6 14. e3 Ne4 15. Rfc1 Qd7 16. Ne1 Rfe8 17. Rc2 Rac8 18. Rac1 Bc6 19. Qa3 Bb5 20. b3 a5 21. Bf1 Bxf1 22. Kxf1 Qh3+ 23. Kg1 Rxc2 24. Rxc2 Re6 25. Qa4 g5 26. Qd7 Nf6 27. Qb5 h5 28. Qf1 Qf5 29. Qd3 Qh3 30. f3 Kg7 31. Re2 Re8 32. Rc2 Rh8 33. Qf1 Qe6 34. Qf2 Re8 35. Re2 Qf5 36. Ng2 Rc8 37. e4 Rc1+ 38. Ne1 dxe4 39. fxe4 Qe6 40. Qe3 Rd1 41. Qxg5+ Kf8 42. Qh6+ Ke7 43. Kg2 Qg4 44. Qe3 Kd7 45. Nf3 b5 46. d5 h4 47. Nxh4 Nh5 48. Rf2 f6 49. Nf5 Ke8 50. h3 Qg6 51. Qa7 Kf8 52. Qb8+ Kf7 53. Qc7+ Kf8 54. Qxd6+ Kf7 55. Qd7+ Kf8 56. Rc2 Nf4+ 57. Kh2 Qe8 58. Qg7# 1-0

[Event "BLR-ch U20"]
[Site "Minsk"]
[Date "2023.04.12"]
[Round "8"]
[White "Siniauski, Artsiom"]
[Black "Gvozdev, Timur"]
[Result "1-0"]
[WhiteElo "2247"]
[BlackElo "1782"]
[PlyCount "85"]
[EventDate "2023.04.12"]
[EventType "tourn"]
[EventRounds "9"]
[EventCountry "BLR"]
[SourceTitle "EXT 2024"]
[Source "ChessBase"]
[SourceDate "2023.10.10"]
[SourceVersion "1"]
[SourceVersionDate "2023.10.10"]
[SourceQuality "1"]

1. e4 c5 2. Nf3 e6 3. d4 cxd4 4. Nxd4 Nf6 5. Nc3 d6 6. g4 h6 7. h4 Nc6 8. Rg1 h5 9. gxh5 Nxh5 10. Bg5 Nf6 11. Qd2 a6 12. 0-0-0 Bd7 13. Kb1 Qc7 14. Be2 0-0-0 15. h5 Be7 16. Nb3 Be8 17. Be3 d5 18. Qc1 Nxe4 19. Nxe4 dxe4 20. Rxg7 Rxd1 21. Bxd1 Bf8 22. Rg4 f5 23. Rh4 e5 24. Bg5 Be7 25. h6 f4 26. Bg4+ Kb8 27. Bxe7 Qxe7 28. Qh1 Bg6 29. Rh3 Qg5 30. Be6 Nd4 31. Bd5 Nxc2 32. Bxe4 Nb4 33. Nc5 Rh7 34. a3 Nd5 35. Ka2 Bxe4 36. Qxe4 Nf6 37. Qb4 Ka7 38. Rb3 Nd5 39. Qe4 Qg8 40. Qxe5 Re7 41. Qd4 b6 42. Ne4 Qe6 43. h7 1-0

[Event "BLR-ch U18"]
[Site "Orsha"]
[Date "2022.02.18"]
[Round "9"]
[White "Arhipov, Roman"]
[Black "Gvozdev, Timur"]
[Result "1/2-1/2"]
[WhiteElo "1619"]
[BlackElo "1729"]
[PlyCount "81"]
[EventDate "2022.02.10"]
[EventType "swiss"]
[EventRounds "9"]
[EventCountry "BLR"]
[SourceTitle "CBM 207 Extra"]
[Source "ChessBase"]
[SourceDate "2022.05.31"]
[SourceVersion "1"]
[SourceVersionDate "2022.05.31"]
[SourceQuality "1"]

1. e4 c5 2. d4 cxd4 3. c3 Nf6 4. e5 Nd5 5. cxd4 d6 6. Nf3 Nc6 7. Bc4 e6 8. 0-0 Be7 9. Qe2 0-0 10. Rd1 Na5 11. Bxd5 exd5 12. Nc3 Be6 13. Bf4 a6 14. Rac1 b5 15. exd6 Bxd6 16. Bxd6 Qxd6 17. Ne5 Rfe8 18. Qf3 Rac8 19. Nd3 Nc6 20. Qf4 Qxf4 21. Nxf4 Red8 22. f3 g5 23. Nfe2 Bf5 24. g4 Bg6 25. f4 f6 26. f5 Bf7 27. Kf2 h5 28. h3 Kf8 29. Rd2 Ke7 30. Re1 Kd6 31. Nc1 hxg4 32. hxg4 Rh8 33. Kg3 Rh7 34. Nb3 Rch8 35. Rde2 Rh3+ 36. Kf2 Nb4 37. Nc5 Nd3+ 38. Nxd3 Rxd3 39. Re7 Rh2+ 40. Kg1 Rdd2 41. Rxf7 1/2-1/2

[Event "Minsk ODM Team Cup U16"]
[Site "Minsk"]
[Date "2021.??.??"]
[Round "6.4"]
[White "Gvozdev, Timur"]
[Black "Andrukhovich, Elizaveta"]
[Result "1/2-1/2"]
[WhiteElo "1703"]
[BlackElo "1557"]
[PlyCount "90"]
[EventDate "2021.03.01"]
[EventType "team-tourn"]
[EventRounds "7"]
[EventCountry "BLR"]
[SourceTitle "EXT 2022"]
[Source "ChessBase"]
[SourceDate "2021.10.06"]
[SourceVersion "1"]
[SourceVersionDate "2021.10.06"]
[SourceQuality "1"]
[WhiteTeam "Mogilevsk Region"]
[BlackTeam "Gomelsk Region"]
[WhiteTeamCountry "BLR"]
[BlackTeamCountry "BLR"]

1. e4 c5 2. Nf3 g6 3. d4 cxd4 4. Nxd4 Bg7 5. Nc3 Nc6 6. Be3 d6 7. Bc4 Nf6 8. h3 Bd7 9. 0-0 0-0 10. Bb3 Rc8 11. Re1 a6 12. Qd2 Ne5 13. f4 Nc4 14. Bxc4 Rxc4 15. e5 Ne8 16. Rad1 Rc8 17. Nf3 Bc6 18. Ng5 h6 19. Nge4 Bxe4 20. Nxe4 Qc7 21. Nc3 dxe5 22. Nd5 Qd6 23. fxe5 Qe6 24. Bxh6 Nc7 25. Bxg7 Kxg7 26. Nf4 Qf5 27. g4 Qg5 28. Nh5+ Kh6 29. Ng3 Ne6 30. Ne4 Qf4 31. Rf1 Qxd2 32. Rxd2 Rc4 33. Nc3 Nf4 34. Kh2 g5 35. Rdf2 f6 36. Re1 Kg6 37. exf6 exf6 38. Rd2 Rh8 39. Re3 b5 40. Ne2 Nxe2 41. Rexe2 Rxg4 42. Re8 Rxe8 43. hxg4 Re6 44. Rf2 Re4 45. Kg3 Re3+ 1/2-1/2

[Event "Minsk ODM Team Cup U16"]
[Site "Minsk"]
[Date "2021.??.??"]
[Round "5.4"]
[White "Papkovich, Denis"]
[Black "Gvozdev, Timur"]
[Result "0-1"]
[WhiteElo "1353"]
[BlackElo "1703"]
[PlyCount "78"]
[EventDate "2021.03.01"]
[EventType "team-tourn"]
[EventRounds "7"]
[EventCountry "BLR"]
[SourceTitle "EXT 2022"]
[Source "ChessBase"]
[SourceDate "2021.10.06"]
[SourceVersion "1"]
[SourceVersionDate "2021.10.06"]
[SourceQuality "1"]
[WhiteTeam "Minsk Region"]
[BlackTeam "Mogilevsk Region"]
[WhiteTeamCountry "BLR"]
[BlackTeamCountry "BLR"]

1. e4 c5 2. Nf3 e6 3. d4 cxd4 4. Nxd4 Nf6 5. Bd3 d6 6. 0-0 a6 7. Bg5 Be7 8. Nc3 b5 9. Nce2 Bb7 10. Ng3 Nbd7 11. Re1 0-0 12. c3 Rc8 13. Bc2 Nb6 14. Qc1 Nc4 15. b3 Nb6 16. Qd2 Qc7 17. Re3 Ng4 18. Bxe7 Qxe7 19. Ree1 Qc7 20. f3 Ne5 21. Nde2 d5 22. Rac1 dxe4 23. Nxe4 Rcd8 24. Qg5 Ng6 25. Qh5 Rd5 26. Qh3 Rfd8 27. Nd4 Nc8 28. Kh1 Nd6 29. Rf1 Nxe4 30. fxe4 Rc5 31. Rf3 Rxd4 32. cxd4 Rxc2 33. Rcf1 Bxe4 34. Rg3 Rc1 35. Kg1 Rxf1+ 36. Kxf1 Qc1+ 37. Kf2 Qd2+ 38. Kf1 Bf5 39. Qh5 Bd3+ 0-1

[Event "Online Friendship U12"]
[Site "Tornelo INT"]
[Date "2020.11.21"]
[Round "6.1"]
[White "Gvozdev, Timur"]
[Black "Fizer, Marek"]
[Result "0-1"]
[WhiteElo "1537"]
[BlackElo "1464"]
[PlyCount "112"]
[EventDate "2020.11.21"]
[EventType "team-swiss"]
[EventRounds "7"]
[EventCountry "BLR"]
[SourceTitle "CBM 199 Extra"]
[Source "ChessBase"]
[SourceDate "2021.01.31"]
[SourceVersion "1"]
[SourceVersionDate "2021.01.31"]
[SourceQuality "1"]
[WhiteTeam "Belarus Mogilev"]
[BlackTeam "Czech Interchess Academy"]
[WhiteTeamCountry "BLR"]
[BlackTeamCountry "CZE"]

1. e4 c5 2. Nf3 d6 3. d4 cxd4 4. Nxd4 Nf6 5. Nc3 Nc6 6. Be3 e5 7. Nb3 Be6 8. f3 d5 9. exd5 Nxd5 10. Nxd5 Qxd5 11. Qxd5 Bxd5 12. 0-0-0 0-0-0 13. c4 Be6 14. Rxd8+ Kxd8 15. Be2 Kc7 16. Rd1 Be7 17. Nc5 Bc8 18. Nb3 f5 19. f4 e4 20. Nd4 Nxd4 21. Bxd4 Be6 22. Bxg7 Rg8 23. Be5+ Kc6 24. g3 Bf7 25. Bf1 h5 26. Bh3 Be6 27. b3 Rg6 28. Rf1 h4 29. g4 fxg4 30. f5 Bxf5 31. Bg2 Bd6 32. Bxd6 Kxd6 33. Rxf5 h3 34. Rd5+ Ke6 35. Bxe4 Rf6 36. Kd2 Rf2+ 37. Ke3 Rxh2 38. Kf4 Rxa2 39. Kxg4 h2 40. Rd1 Rb2 41. Bd5+ Ke5 42. Bxb7 Rxb3 43. Bd5 Rc3 44. Ra1 Rd3 45. Rh1 Rd2 46. Kg3 a5 47. Kf3 Kd4 48. Bg8 a4 49. Ra1 a3 50. Kg3 a2 51. Bd5 Rb2 52. c5 Kxd5 53. Rd1+ Kxc5 54. Rc1+ Kd4 55. Ra1 Rb1 56. Rxa2 h1Q 0-1

[Event "Online Friendship U12"]
[Site "Tornelo INT"]
[Date "2020.11.21"]
[Round "1.1"]
[White "Gvozdev, Timur"]
[Black "Morkunas, Gustas"]
[Result "0-1"]
[WhiteElo "1537"]
[BlackElo "1955"]
[PlyCount "86"]
[EventDate "2020.11.21"]
[EventType "team-swiss"]
[EventRounds "7"]
[EventCountry "BLR"]
[SourceTitle "CBM 199 Extra"]
[Source "ChessBase"]
[SourceDate "2021.01.31"]
[SourceVersion "1"]
[SourceVersionDate "2021.01.31"]
[SourceQuality "1"]
[WhiteTeam "Belarus Mogilev"]
[BlackTeam "Lithuania"]
[WhiteTeamCountry "BLR"]
[BlackTeamCountry "LTU"]

1. e4 e5 2. Nf3 Nc6 3. Bb5 g6 4. 0-0 Bg7 5. c3 a6 6. Ba4 d6 7. h3 Bd7 8. d4 Nge7 9. Re1 0-0 10. dxe5 Nxe5 11. Nxe5 Bxa4 12. Qxa4 dxe5 13. Be3 Nc6 14. Nd2 Qe7 15. Qc2 Rad8 16. Nb3 b6 17. Rad1 h6 18. Qe2 a5 19. Qc4 Nb8 20. f3 Rd7 21. Rxd7 Qxd7 22. Re2 Qe7 23. Rd2 Rd8 24. Rxd8+ Qxd8 25. Qb5 Qd7 26. Qxd7 Nxd7 27. Kf1 Kf8 28. Ke2 Ke7 29. Kd3 Kd6 30. c4 Kc6 31. a4 Bf8 32. Nd2 g5 33. Nb1 Bc5 34. Nc3 Bxe3 35. Kxe3 Nc5 36. Kd2 Kd6 37. Kc2 c6 38. b3 Ne6 39. Kd3 Nf4+ 40. Ke3 Nxg2+ 41. Kf2 Nf4 42. Kg3 Kc5 43. Na2 h5 0-1

[Event "BLR-ch U18"]
[Site "Minsk"]
[Date "2020.02.07"]
[Round "1"]
[White "Gvozdev, Timur"]
[Black "Galkin, Gleb"]
[Result "0-1"]
[WhiteElo "1603"]
[BlackElo "2190"]
[PlyCount "116"]
[EventDate "2020.02.07"]
[EventType "swiss"]
[EventRounds "9"]
[EventCountry "BLR"]
[SourceTitle "CBM 195 Extra"]
[Source "ChessBase"]
[SourceDate "2020.05.31"]
[SourceVersion "1"]
[SourceVersionDate "2020.05.31"]
[SourceQuality "1"]

1. e4 e5 2. Nf3 Nc6 3. Bb5 a6 4. Ba4 Nf6 5. 0-0 Be7 6. Re1 b5 7. Bb3 0-0 8. c3 d6 9. h3 Nb8 10. d4 Nbd7 11. Nbd2 Bb7 12. Bc2 Re8 13. Nf1 Bf8 14. Ng3 g6 15. Nh2 c5 16. d5 c4 17. Ng4 Nxg4 18. Qxg4 Bg7 19. Bg5 Qc7 20. Qh4 h5 21. Nf1 Nf8 22. Bf6 Bxf6 23. Qxf6 Nh7 24. Qh4 Bc8 25. Ne3 Bd7 26. f3 Kg7 27. Rf1 f6 28. Kh1 Rh8 29. f4 exf4 30. Qxf4 Rae8 31. a4 Re5 32. axb5 axb5 33. Ra6 Rhe8 34. Rfa1 Ng5 35. Ra7 Qd8 36. Rb7 R8e7 37. Raa7 Qe8 38. h4 Nf7 39. Qf2 Bc8 40. Rxe7 Rxe7 41. Nf1 Ne5 42. Rxe7+ Qxe7 43. Qb6 Bd7 44. Ne3 Be8 45. Qd4 Qb7 46. b3 Qa6 47. bxc4 bxc4 48. Bd1 Qa1 49. Kh2 Qc1 50. Be2 Qe1 51. Bd1 Qxh4+ 52. Kg1 Qe1+ 53. Kh2 h4 54. Qa7+ Bf7 55. Qd4 Kg8 56. Nc2 Qg3+ 57. Kh1 h3 58. Ne3 Nd3 0-1

[Event "Orsha blitz op"]
[Site "Orsha"]
[Date "2019.01.19"]
[Round "1"]
[White "Gvozdev, Timur"]
[Black "Mihajlovskij, Sergei"]
[Result "0-1"]
[WhiteElo "1490"]
[BlackElo "2406"]
[PlyCount "85"]
[EventDate "2019.01.19"]
[EventType "swiss (blitz)"]
[EventRounds "10"]
[EventCountry "BLR"]
[SourceTitle "CBM 189 Extra"]
[Source "ChessBase"]
[SourceDate "2019.06.03"]
[SourceVersion "1"]
[SourceVersionDate "2019.06.03"]
[SourceQuality "1"]

1. e4 e6 2. d4 d5 3. Nc3 Bb4 4. e5 b6 5. a3 Bxc3+ 6. bxc3 Qd7 7. Bd3 Ba6 8. Nf3 h6 9. 0-0 Ne7 10. Nh4 Bxd3 11. Qxd3 Nbc6 12. f4 g6 13. Kh1 Na5 14. g4 h5 15. g5 Nc4 16. Be3 Qa4 17. Bf2 Nb2 18. Qd2 Kd7 19. Rfb1 Nc4 20. Qd3 a5 21. Rb3 Nf5 22. Nxf5 exf5 23. Qf3 Ke6 24. Qd3 Rhb8 25. Rab1 Qc6 26. Be1 a4 27. Rb4 Nxa3 28. Ra1 Nc4 29. Bd2 a3 30. Ra2 Ra4 31. Rb3 Rba8 32. Bc1 Qb7 33. Rb4 Qa6 34. Kg2 Rxb4 35. cxb4 Qb5 36. Qb3 Ra4 37. c3 Qa6 38. Kf3 Qb5 39. Kg2 h4 40. Kh3 Nb2 41. Bxb2 Qf1+ 42. Kxh4 Ra8 43. Kg3 0-1